Normal view
MARC view
Entry Personal Name
001 - CONTROL NUMBER
- control field: 6221
003 - CONTROL NUMBER IDENTIFIER
- control field: dpl
005 - DATE AND TIME OF LATEST TRANSACTION
- control field: 20100804160921.0
008 - FIXED-LENGTH DATA ELEMENTS
- fixed length control field: 100804|||a|||||| | ||| d
040 ## - CATALOGING SOURCE
- Original cataloging agency: dpl
- Transcribing agency: dpl
100 ## - HEADING--PERSONAL NAME
- Personal name: Shashi singh
670 ## - SOURCE DATA FOUND
- Source citation: Work cat.: (dpl): Jain,Satish 1584, Computer fundamentals and data processing, 2010
670 ## - SOURCE DATA FOUND
- Source citation: Work cat.: (dpl): Jain,Satish 1584, Computer fundamentals and data processing, 2010
